Finanzas para no financieros : (Registro nro. 5598)
[ vista simple ]
| 000 -LEADER | |
|---|---|
| fixed length control field | 01412nam a2200277Ia 4500 |
| 003 - CONTROL NUMBER IDENTIFIER | |
| control field | OSt |
| 005 - DATE AND TIME OF LATEST TRANSACTION | |
| control field | 20200728175315.0 |
| 008 - FIXED-LENGTH DATA ELEMENTS--GENERAL INFORMATION | |
| fixed length control field | 191128s2013 ck ad gr 000 0dspa d |
| 020 ## - INTERNATIONAL STANDARD BOOK NUMBER | |
| International Standard Book Number | 9789587166019 |
| 040 ## - CATALOGING SOURCE | |
| Original cataloging agency | CO-JMCR |
| Transcribing agency | CO-JMCR |
| 041 0# - LANGUAGE CODE | |
| Language code of text/sound track or separate title | spa |
| 082 04 - DEWEY DECIMAL CLASSIFICATION NUMBER | |
| Classification number | 332.0981 / |
| Item number | C532d |
| Edition number | 23 |
| 100 1# - MAIN ENTRY--PERSONAL NAME | |
| Personal name | Chicaiza Cosme, Daniel Armando, |
| Relator term | autor |
| 9 (RLIN) | 8031 |
| 245 10 - TITLE STATEMENT | |
| Title | Finanzas para no financieros : |
| Remainder of title | el caso colombiano / |
| Statement of responsibility, etc. | Daniel Armando Chicaiza Cosme |
| 250 ## - EDITION STATEMENT | |
| Edition statement | Primera edición |
| 260 ## - PUBLICATION, DISTRIBUTION, ETC. | |
| Place of publication, distribution, etc. | Bogotá : |
| Name of publisher, distributor, etc. | Pontificia Universidad Javeriana, |
| Date of publication, distribution, etc. | 2013. |
| 300 ## - PHYSICAL DESCRIPTION | |
| Extent | 127 páginas : |
| Other physical details | ilustraciones, diagramas, gráficas a blanco y negro ; |
| Dimensions | 24 cm + 1 CD. |
| 500 ## - GENERAL NOTE | |
| General note | Biografía del autor en solapa frontal. |
| 504 ## - BIBLIOGRAPHY, ETC. NOTE | |
| Bibliography, etc. note | Bibliografía: página 127. |
| 505 0# - FORMATTED CONTENTS NOTE | |
| Formatted contents note | Interés y valor del dinero en el tiempo -- Métodos de evaluación financiera, cálculo de rentabilidades y anualidades -- Introducción al mercado de valores colombianos -- Negociación de instrumentos financieros |
| 520 0# - SUMMARY, ETC. | |
| Summary, etc. | Finanzas para no financieros, el caso colombiano nace de la necesidad de contar con una herramienta fácil y practica para estudiantes, docentes y todos aquellos interesados en conocer y resolver los interrogantes que impliquen el conocimiento. |
| 650 14 - SUBJECT ADDED ENTRY--TOPICAL TERM | |
| Topical term or geographic name entry element | Finanzas |
| General subdivision | Colombia |
| 9 (RLIN) | 8032 |
| 650 24 - SUBJECT ADDED ENTRY--TOPICAL TERM | |
| Topical term or geographic name entry element | Instrumentos financieros |
| Geographic subdivision | Colombia |
| 9 (RLIN) | 8033 |
| 650 24 - SUBJECT ADDED ENTRY--TOPICAL TERM | |
| Topical term or geographic name entry element | Mercado de valores |
| Geographic subdivision | Colombia |
| 9 (RLIN) | 8034 |
| 942 ## - ADDED ENTRY ELEMENTS (KOHA) | |
| Source of classification or shelving scheme | Dewey Decimal Classification |
| Koha item type | Books |
| Withdrawn status | Lost status | Source of classification or shelving scheme | Materials specified (bound volume or other part) | Damaged status | Not for loan | Home library | Current library | Shelving location | Date acquired | Source of acquisition | Total Checkouts | Full call number | Barcode | Date last seen | Date last checked out | Copy number | Price effective from | Koha item type |
|---|---|---|---|---|---|---|---|---|---|---|---|---|---|---|---|---|---|---|
| Dewey Decimal Classification | Donación--15/04/2018-- | Biblioteca Pública José María del Castillo y Rada | Biblioteca Pública José María del Castillo y Rada | General Stacks | 11/28/2019 | Donación | 1 | 332.0981 / C532d | 430002336 | 10/29/2024 | 10/28/2024 | Ej.1 | 11/28/2019 | Books |